| 000 | 00558pam a2200193 4500 | ||
|---|---|---|---|
| 001 | 383 | ||
| 005 | 20220426135051.0 | ||
| 008 | 920320s1993 njua b 001 0 eng | ||
| 010 | _a 92012094 | ||
| 020 | _a0131755633 | ||
| 100 | 1 |
_aMano, M. Morris, _d1927- |
|
| 245 | 1 | 0 |
_aComputer system architecture / _cM. Morris Mano. |
| 250 | _a3rd ed. | ||
| 260 |
_aNoida : _bPearson Education, _c2007. |
||
| 300 |
_axviii, 520 p. : _bill. ; _c25 cm. |
||
| 504 | _aIncludes bibliographical references and index. | ||
| 650 | 0 | _aComputer architecture. | |
| 942 |
_2ddc _cMAIN |
||
| 999 |
_c338 _d338 |
||